Wisconsin Trivia - Statistics

General Stats
  • This quiz has been taken 172 times
  • The average score is 9 of 10
Answer Stats
Hint Answer % Correct
What country (other than the USA) is nearest to Wisconsin? Canada
99%
What is the capital of Wisconsin? Madison
99%
What is the largest city in Wisconsin? Milwaukee
99%
What is the Wisconsin state animal? Badger
96%
With what Great Lake does Wisconsin have its longest coast with? Lake Michigan
96%
What river forms most of the border between Wisconsin and Minnesota? Mississippi
92%
What are fans of the Green Bay Packers called? Cheeseheads
90%
In what year did Wisconsin receive statehood? 1848
75%
Who is the famous architect from Wisconsin? Frank Lloyd Wright
71%
What is the Wisconsin state flower? Wood Violet
35%
No matching quizzes found
Score Distribution
Percent of People with Each Score
Percentile by Number Answered
Your Score History
You have not taken this quiz